000 00411nam a2200145 a 4500
005 20140412111314.0
008 001220s19uu xx 00 eng d
050 _aER
_bGo57
245 _aGoldilocks and the three bears.
260 _aTokyo :
_bFroebel-kan co., ltd,
_c[n.d.]
300 _a1 v. (unp.) ; ill.
440 _aThe World of Fairy Tales
650 _aChildren's stories -- Fiction
999 _c104137
_d104137